banner koha

Effects of literacy, informal leadership and gatekeeping on diffusion of printed messages, A field experimenton persuasive mass communication strategies in rural Brazil [Comunicacao de massa; Lideranca] (Registro n. 19453)

MARC details
000 -LÍDER
campo de controle de tamanho fixo 00929nam a22002777a 4500
001 - NÚMERO DE CONTROLE
campo de controle BR7400475
003 - IDENTIFICADOR DO NÚMERO DE CONTROLE
campo de controle BR-BrBNA
005 - DATA E HORÁRIO DA ÚLTIMA TRANSAÇÃO
campo de controle 20230928084518.0
007 - CAMPO FIXO DE DESCRIÇÃO FÍSICA--INFORMAÇÃO GERAL
campo de controle de tamanho fixo ta
008 - CAMPO DE DADOS FIXOS--INFORMAÇÃO GERAL
campo de controle de tamanho fixo 230509b bl.||||| |||| 00| 0 por d
040 ## - FONTE DA CATALOGAÇÃO
Instituição da catalogação original BR-BrBNA
Idioma da catalogação por
Instituição que transcreveu o registro Biblioteca Nacional de Agricultura
041 ## - CÓDIGO DE IDIOMA
Código do idioma do texto/trilha sonora ou título diferente (Eng)
072 ## - CÓDIGO DE CATEGORIA DE ASSUNTO
Código de Categoria de Assunto E50; C00
Código do objeto /G514
090 ## - NÚMERO DE CHAMADA LOCAL
-- E50 BR7400475
100 1# - ENTRADA PRINCIPAL--NOME PESSOAL
Nome pessoal Pulschen, R.E.
110 1# - ENTRADA PRINCIPAL--NOME CORPORATIVO
Nome corporativo ou nome da jurisdição University of Wisconsin (USA)
Grau Universitário Tese (Master of Science)
9 (RLIN) 11340
245 1# - TÍTULO
Título Effects of literacy, informal leadership and gatekeeping on diffusion of printed messages, A field experimenton persuasive mass communication strategies in rural Brazil [Comunicacao de massa; Lideranca]
260 3# - PUBLICAÇÃO, DISTRIBUIÇÃO, ETC.
Local de publicação, distribuição, etc. Wisconsin (USA):
Data da publicação, distribuição, etc. 1968.
300 ## - DESCRIÇÃO FÍSICA
Extensão 197 p.
500 ## - NOTA GERAL
Nota geral 14 ref.; Summary (Eng)
650 ## - ASSUNTO--TERMO TÓPICO
Cabeçalho tópico ou nome geográfico Sociologia rural
650 ## - ASSUNTO--TERMO TÓPICO
Cabeçalho tópico ou nome geográfico Educacao
650 ## - ASSUNTO--TERMO TÓPICO
Cabeçalho tópico ou nome geográfico Comunidade rural
909 ## -
-- 202309
-- Lucia
-- 55
-- Lucia Elande
942 ## - ELEMENTOS DE ENTRADA ADICIONADOS (KOHA)
Tipo de material Koha Livros
Exemplares
Situação do descarte Fonte da classificação ou esquema de arquivamento na estante Situação física Não pode ser emprestado Coleção Biblioteca de origem Biblioteca atual Total de empréstimos Número de telefone completo Código de barras Data de último acesso Número do exemplar Tipo de material Koha Situação das perdas Data de aquisição Fonte de aquisição
  Classificação AGRIS       Biblioteca Nacional de Agricultura - Binagri Biblioteca Nacional de Agricultura - Binagri   E50 BR7400475 E50 BR7400475 25/09/2023 01 Livros   2023-09-25 Portaria Interministerial nº 164/94

BINAGRI

Telefone: (61)3218-2567/2388/3357/2097 - binagri@agro.gov.br

Ministério da Agricultura e Pecuária , Esplanada dos Ministérios, Bloco D, Anexo B, Brasília/DF, CEP: 70.043-900